[Event "Alegre op"]
[Site "Alegre"]
[Date "2024.03.09"]
[Round "2"]
[White "Bandeira, Mauricio Ritta"]
[Black "Da Silva, Pedro Cesar Nunes"]
[Result "1-0"]
[WhiteElo "1791"]
[BlackElo "1748"]
[PlyCount "111"]
[EventDate "2024.03.08"]
[EventType "swiss"]
[EventRounds "5"]
[EventCountry "BRA"]
[SourceTitle "CB12_2024"]
[SourceDate "2023.10.01"]
[SourceVersion "1"]
[SourceVersionDate "2023.10.01"]
[SourceQuality "1"]

1. c4 e5 2. g3 Bc5 3. Nc3 Nf6 4. Bg2 0-0 5. Nf3 d6 6. d3 a6 7. 0-0 c6 8. a3 Be6 9. b4 Ba7 10. e3 Nbd7 11. Bb2 Rc8 12. a4 Ng4 13. h3 Ngf6 14. Qc2 Bf5 15. Nd2 h6 16. Nde4 Bb8 17. Rfd1 d5 18. Nxf6+ Nxf6 19. e4 d4 20. exf5 dxc3 21. Bxc3 Re8 22. Qb2 Qc7 23. b5 Re7 24. b6 Qd7 25. Be4 Qe8 26. a5 Bd6 27. Bb4 Bxb4 28. Qxb4 c5 29. Qa3 Nxe4 30. dxe4 Qc6 31. Rd5 Rd7 32. Rad1 Rcd8 33. Rxd7 Rxd7 34. Rxd7 Qxd7 35. Qxc5 Qd4 36. Qc8+ Kh7 37. Qxb7 Qxc4 38. Qc7 Qxe4 39. Qc3 f6 40. Qe3 Qxf5 41. Kg2 Qb1 42. g4 Qb5 43. Qe4+ g6 44. Qb7+ Kg8 45. Qc8+ Kf7 46. Qc7+ Ke6 47. b7 Qd5+ 48. Kh2 Qf3 49. Qb6+ Kf7 50. b8Q Qf4+ 51. Kg2 Qe4+ 52. Kf1 Qh1+ 53. Ke2 Qe4+ 54. Kd2 Qf4+ 55. Qe3 Qxe3+ 56. fxe3 1-0